Ostrov

Other Authors: Ritchie, Michael, 1938-2001, Benchley, Peter, 1940-2006, Morricone, Ennio, 1928-2020, Caine, Michael, 1933-, Warner, David, 1941-2022, Punch,Angela
Language: Czech
Published: Praha : Řitka video, 2009
Series: Zábava
Physical Description: 1 DVD-video (109 min.) : zvuk., barev. ; 12 cm
Language note: Česká a anglická verze, české titulky
Slide
Saved in:
LEADER 01692ngm a2200469 a 4500
001 000977809
003 CZ BrMZK
005 20180814091211.0
007 vd caaizu
008 100107s2006 xr e s v cze
020 |q (DVD) 
040 |a BOA001  |b cze 
080 |a 791(73)  |2 MRF 
080 |a (084.122)791.221.5  |2 MRF 
080 |a (084.122)791.221.9  |2 MRF 
080 |a (0.034.44)  |2 MRF 
245 0 0 |a Ostrov  |h [videozáznam] /  |c režie Michael Ritchie ; scénář Peter Benchley 
256 |a Data (6,66 GB) 
260 |a Praha :  |b Řitka video,  |c 2009 
300 |a 1 DVD-video (109 min.) :  |b zvuk., barev. ;  |c 12 cm 
490 1 |a Zábava ;  |v 65 
508 |a Hudba Ennio Morricone 
510 0 |a Hrají: Michael Caine, David Warner, Angela Punch a další 
546 |a Česká a anglická verze, české titulky 
580 |a Příl. k časopisu: Filmag, 2009/10 
655 4 |a americké filmy 
655 7 |a dobrodružné filmy  |7 fd119423  |2 czenas 
655 7 |a horory (filmy)  |7 fd118902  |2 czenas 
655 7 |a thrillery (filmy)  |7 fd118893  |2 czenas 
655 7 |a DVD  |7 fd186912  |2 czenas 
700 1 |a Ritchie, Michael,  |d 1938-2001  |7 pna2010598215  |4 drt 
700 1 |a Benchley, Peter,  |d 1940-2006  |7 xx0000522  |4 sce 
700 1 |a Morricone, Ennio,  |d 1928-2020  |7 xx0002135  |4 cmp 
700 1 |a Caine, Michael,  |d 1933-  |7 ola2002158193  |4 act 
700 1 |a Warner, David,  |d 1941-2022  |7 xx0164205  |4 act 
700 1 |a Punch,Angela  |4 act 
787 1 8 |t Filmag  |x 1801-9749 
830 0 |a Zábava 
910 |a BOA001  |b CDR2-1237.017 
990 |a VI 
991 |b 201003  |g g 
996 6 |b 2610406288  |c CDR2-1237.017  |l Stud. periodik/2.patro  |r Sklad / do 1 hodiny  |n 0  |p p.v.  |w 000977809  |u 000010  |a 1  |e BOA001  |j MZK50  |s P